000 00375nam a2200145Ia 4500
008 200103s9999||||xx |||||||||||||| ||und||
040 _aIMU-MPC
082 _aColumn-41
100 _aWoollard, Lloyd
245 0 _aNaval Architect's and Shipbuilding pocket book
250 _a15th Ed.
260 _bThe technical press ltd., London
_c1954
300 _axii, 714
942 _cBK
999 _c8557
_d8557